Nutrition in the '90s : (Record no. 4162)
[ view plain ]
| 000 -LEADER | |
|---|---|
| fixed length control field | 00982nam a22002898a 4500 |
| 003 - CONTROL NUMBER IDENTIFIER | |
| control field | OSt |
| 005 - DATE AND TIME OF LATEST TRANSACTION | |
| control field | 20220318091547.0 |
| 008 - FIXED-LENGTH DATA ELEMENTS--GENERAL INFORMATION | |
| fixed length control field | 901113s1990 nyua b 001 0 eng d |
| 020 ## - INTERNATIONAL STANDARD BOOK NUMBER | |
| International Standard Book Number | 0824785258 |
| 040 ## - CATALOGING SOURCE | |
| Transcribing agency | ALUPE UNIVERSITY COLLEGE |
| 049 ## - LOCAL HOLDINGS (OCLC) | |
| Holding library | JHWW |
| -- | JHWI |
| 050 ## - LIBRARY OF CONGRESS CALL NUMBER | |
| Classification number | QP141 |
| Item number | .A1N8 1990 |
| 090 ## - LOCALLY ASSIGNED LC-TYPE CALL NUMBER (OCLC); LOCAL CALL NUMBER (RLIN) | |
| Classification number (OCLC) (R) ; Classification number, CALL (RLIN) (NR) | QP141 .A1 |
| Local cutter number (OCLC) ; Book number/undivided call number, CALL (RLIN) | N976 1990 |
| 096 ## - LOCALLY ASSIGNED NLM-TYPE CALL NUMBER (OCLC) | |
| Classification number | QU 145 N9767 1991 |
| 245 00 - TITLE STATEMENT | |
| Title | Nutrition in the '90s : |
| Remainder of title | current controversies and analysis / |
| Statement of responsibility, etc. | edited by Gerald E. Gaull, Frank N. Kotsonis, Maureen A. Mackey. |
| 260 ## - PUBLICATION, DISTRIBUTION, ETC. | |
| Place of publication, distribution, etc. | New York : |
| Name of publisher, distributor, etc. | M. Dekker, |
| Date of publication, distribution, etc. | c1990. |
| 300 ## - PHYSICAL DESCRIPTION | |
| Extent | xiii, 130 p. : |
| Other physical details | ill. ; |
| Dimensions | 24 cm. |
| 504 ## - BIBLIOGRAPHY, ETC. NOTE | |
| Bibliography, etc. note | Includes bibliographical references and index. |
| 650 #0 - SUBJECT ADDED ENTRY--TOPICAL TERM | |
| Topical term or geographic name entry element | Nutrition |
| Form subdivision | Congresses. |
| 650 #2 - SUBJECT ADDED ENTRY--TOPICAL TERM | |
| Topical term or geographic name entry element | Nutritional Physiological Phenomena. |
| 700 1# - ADDED ENTRY--PERSONAL NAME | |
| Personal name | Mackey, Maureen A., |
| Dates associated with a name | 1955- |
| 700 1# - ADDED ENTRY--PERSONAL NAME | |
| Personal name | Gaull, Gerald E. |
| 700 1# - ADDED ENTRY--PERSONAL NAME | |
| Personal name | Kotsonis, Frank N. |
| 910 ## - USER-OPTION DATA (OCLC) | |
| User-option data | 147370 |
| 942 ## - ADDED ENTRY ELEMENTS (KOHA) | |
| Source of classification or shelving scheme | |
| Koha item type | Book |
| Suppress in OPAC | PW |
| 945 ## - LOCAL PROCESSING INFORMATION (OCLC) | |
| a | G.E.GAULL |
| b | 1 |
| d | GIFT |
| k | 910530 |
| n | 40 |
| r | DR.GERALD E.GAULL |
| z | PAPER |
| w | 1 |
| Withdrawn status | Lost status | Source of classification or shelving scheme | Damaged status | Not for loan | Permanent Location | Current Location | Shelving location | Date acquired | Source of acquisition | Total Checkouts | Full call number | Barcode | Date last seen | Price effective from | Koha item type | Public note |
|---|---|---|---|---|---|---|---|---|---|---|---|---|---|---|---|---|
| AU LIBRARY | AU LIBRARY | Open Shelf | 18.03.2022 | DONATION FROM MOI UNIVERSITY | QP141 .A1N8 1990 | 28006048 | 18.03.2022 | 18.03.2022 | Book | PW |